000 00823nas a2200265Ia 4500
001 A50/R024-7885 [r000005103]
003 IT-MiCISF
008 161014c99999999xx |||||||||||| ||und||
040 _aIT-MiCISF
_cIT-MiCISF
041 _aITALIANO
100 _aOrganizzazione delle Nazioni Unite
210 _aFamiglia oggi
222 _aFamiglia oggi
245 0 _aConvenzione internazionale sui diritti dell'infanzia
250 _a1a ed.
260 _c1990
501 _bCISF - Centro Internazionale Studi Famiglia - Via Giotto, 36 20145 MILANO (non commercial uses only)
_cCopyright 2016
300 _app. 98-110
362 _a44, mar-apr. [1990]
500 _a Tema: diritti-bambino, legislazione
650 _aetà evolutiva
_vdocumento
700 _aAA.VV.
942 _cCR
957 _71
999 _a7885
_bSi
_g1
_c222930
_d222930